Mitteilungsblatt / Landesgeschichtliche Vereinigung für die Mark Brandenburg / (Titelsatznr. 72217)
[ MARC ]
| 000 -Satzkennung | |
|---|---|
| Kontrollfeld mit fester Länge | 01130nam a2200265 4500 |
| 001 - Kontrollnummer | |
| Kontrollfeld | 11442 |
| 003 - Kontrollnummer Identifier | |
| Kontrollfeld | OSt |
| 005 - Datum und Zeit der letzten Transaktion | |
| Kontrollfeld | 20220902090130.0 |
| 007 - Feld mit fester Länge zur physischen Beschreibung - Allgemeine Information | |
| Kontrollfeld mit fester Länge | tu |
| 008 - Feld mit fester Länge zur physischen Beschreibung - Allgemeine Angaben | |
| Kontrollfeld mit fester Länge | |||||||||||| ger |
| 022 ## - Internationale Standardseriennummer | |
| Internationale Standardseriennummer | 1867-5085 |
| 040 ## - Katalogisierungsquelle | |
| Übertragungsstelle | DE-2950 |
| Original-Katalogisierungsstelle | DE-2950 |
| 245 00 - Titel | |
| Titel | Mitteilungsblatt / Landesgeschichtliche Vereinigung für die Mark Brandenburg / |
| Verfasserangabe etc. | Landesgeschichtliche Vereinigung für die Mark Brandenburg e. V. [Hrsg.] |
| 264 ## - Produktion, Veröffentlichung, Distribution, Herstellung und Urheberrechtsvermerk | |
| Herstellungs-, Veröffentlichungs- Vertriebs-, Erzeugungsort | Berlin |
| 365 ## - Handelspreis | |
| Währungscode | DEM |
| 500 ## - Allgemeine Fußnote | |
| Allgemeine Fußnote | 1. Nr. 21. 1956 - Nr. 27. 1958 ; Nr. 29. 1959 - Nr. 38. 1961 ; Nr. 40. 1962 ; Nr. 42 + 43. 1963 ; Nr. 45. 1964; 2. Nr. 48. 1965 - Nr. 53. 1966 ; Nr. 56. 1967 - Nr. 57. 1968 ; Nr. 59. 1968 ; Nr. 70. 1972 - Nr. 74. 1973; (3.) Nr. 2. (103.)2002; 113. Jg. 2012- 115. Jg. 2014; 116. Jg. 2015 - 117. Jg. 2016; 118 Jg. 2017 - 119. Jg. 2018; 120. Jg. 2019 - 121. Jg. 2020 |
| 515 ## - Fußnote zu Besonderheiten der Zählung | |
| Fußnote zu Besonderheiten der Zählung | dreimal im Jahr |
| 546 ## - Fußnote zur Sprache | |
| Sprache | deutsch |
| 650 04 - Nebeneintragung unter einem Schlagwort - Sachschlagwort | |
| Sachschlagwort oder geografischer Name als Eintragungselement | Mark Brandenburg |
| 650 04 - Nebeneintragung unter einem Schlagwort - Sachschlagwort | |
| Sachschlagwort oder geografischer Name als Eintragungselement | Geschichte |
| 650 04 - Nebeneintragung unter einem Schlagwort - Sachschlagwort | |
| Sachschlagwort oder geografischer Name als Eintragungselement | Verein |
| 710 2# - Nebeneintragung - Körperschaftsname | |
| Körperschafts- oder Gebietskörperschaftsname als Eintragungselement | Landesgeschichtliche Vereinigung für die Mark Brandenburg e. V. |
| Funktionsbezeichnung | Hrsg. |
| 942 ## - Zusätzliche Felder (Koha) | |
| Klassifikation oder Aufstellungssystematik | Andere/Generische Klassifikation |
| Koha-Medientyp | Zeitschriften |
| Ausgeschieden | Verloren | Klassifikation oder Aufstellungssystematik | Beschädigt | Nicht entleihbar | Heimatbibliothek | Aufenthaltsbibliothek | Erwerbungsdatum | Kodierter Standort-Qualifier | Anzahl Ausleihen | Signatur | Letzte Aktivität | Preis gültig von | Koha-Medientyp |
|---|---|---|---|---|---|---|---|---|---|---|---|---|---|
| Andere/Generische Klassifikation | Stadtarchiv Frankfurt (Oder) | Archivbibliothek | Stadtarchiv Frankfurt (Oder) | Archivbibliothek | 25/11/2020 | M | II: 4107 | 25/11/2020 | 25/11/2020 | Zeitschriften |